000 00553nam a2200181 i 4500
001 20369
003 ES-MaACL
005 20230906152303.0
007 t|
008 021112s1968 sp f |||| | spa d
100 1 _aAguilar Piñal, Francisco.
_918744
245 1 3 _aLa obra poética de Manuel Reina /
_cFrancisco Aguilar Piñal.
260 _aMadrid :
_bEditora Nacional,
_c1968.
300 _a158 p., 1 lám. ;
_c25 cm.
600 1 4 _aReina, Manuel (
_d1856-1905)
_9165126
700 1 _aReina, Manuel (
_d1856-1905)
_9165126
852 _aES-MaACL
_jG-5445
999 _c20369
_d20369